| 000 | 03065ncm0a2200481 4500 | ||
|---|---|---|---|
| 001 | RU\NLR\ONIZ\297236 | ||
| 005 | 20250625025657.0 | ||
| 035 | _a(NLR Aleph) 016289593 | ||
| 071 | 2 | 0 | _aC. F. H. № 259 |
| 090 |
_a12940210 _c12940210 |
||
| 100 | _a20230118d1842 |||y0rusy50 ca | ||
| 101 | 0 | _arus | |
| 102 | _aRU | ||
| 125 | _aa| | ||
| 128 |
_asg _accn |
||
| 145 | 0 | _ac | |
| 200 | 1 |
_aПесня «Выпьем! Трехнем стариной» _bНоты _e«Вспомним былое, товарищ лихой...» _e[для голоса] с акомпаниментом фортепиано или семиструнной гитары _fслова и музыка посвящены князю Анатолию Ивановичу Борятинскому старым товарищем А. Столыпиным |
|
| 203 |
_aМузыка _bзнаковая _bвизуальная _cнепосредственная |
||
| 210 |
_aСт. Петербург _cу К. Ф. Гольца _d[1842] |
||
| 215 |
_a3 с. _cил. _d33 см |
||
| 300 | _aДатировано по н. д. | ||
| 300 | _aНа тит. л. ил.: изобр. сцена застолья двух военных друзей. | ||
| 313 | _aСистематизация документа проведена по изданию - Методика классифицирования музыкальных произведений (нотных изданий) по таблицам Библиотечно-библиографических классификаций : метод. рекомендации / Гос. б-ка СССР им. В.И. Ленина.- М., 1977. Индексу ББК методических рекомендаций присваивается код ББК для научных библиотек - LBC/SL | ||
| 606 | 1 |
_aВокальная музыка русская _z19 в. _jНоты _2nlr_sh |
|
| 606 | 1 |
_aПроизведения для голоса и гитары _yРоссия _z19 в. _jНоты _2nlr_sh |
|
| 606 | 1 |
_aМузыкальные произведения для голоса с фортепиано _yРоссия _z19 в. _jНоты _2nlr_sh |
|
| 608 |
_aПесня _jНоты _2nlr_sh |
||
| 608 |
_aЗастольная песня _yРоссия _z19 в. _jНоты _2nlr_sh |
||
| 620 |
_dСанкт-Петербург _2nlr_sh1 |
||
| 686 | 0 | _aЩ943.4-42-043.31(28) | |
| 686 | 0 | _aЩ943.4-642-043.31(28) | |
| 700 | 1 |
_9z04790 _aСтолыпин _bА. Д. _f1822-1899 _gАркадий Дмитриевич _4230 _4520 _4040 _7ca |
|
| 702 | 1 |
_9z05790 _aБарятинский _bА. И. _cкнязь _f1821-1881 _gАнатолий Иванович _4280 _7ca |
|
| 790 | 1 |
_9z04700 _aStolypin _bA. D. _f1822-1899 _gArkadij Dmitrievič _4230 _4520 _4040 _7ba |
|
| 790 | 1 |
_9z05702 _aBarjatinskij _bA. I. _f1821-1881 _gAnatolij Ivanovič _4280 _7ba |
|
| 801 | 0 |
_aRU _bNLR _c20230118 _gPSBO |
|
| 801 | 1 |
_aRU _bNLR _c20230118 _2rusmarc |
|
| 801 | 2 |
_aRU _bNLR _c20230213 |
|
| 852 |
_aNLR _bМ _j123.6 _p206023 _t1 |
||
| 942 | _cSCORE | ||
| 980 | _aNB | ||
| 980 | _aONIZ | ||